00905nam a22002057a 4500003000900000008004100009040007100050082001800121100002400139245006300163260003800226300008000264505023200344650001700576650001600593650002000609650001500629700002000644700003500664AR-CdUCM190321b ||||| |||| 00| 0 spa d aMUNICIPALIDAD PROVINCIAL DEL CUSCOcBIBLIOTECA MUNICIPAL DEL CUSCO a621.38 /bB44 aBenedict, R. Ralph  aCircuitos Electrónicos Industriales y sus Aplicaciones / aBilbao :bEdiciones Urmo ;c1970. a563 páginas ;bIlustraciones, fórmulas, diagramas, fotografías c25cm aContenido: Válvulas de vacío -- Carga espacial, emisión termoiónica y tipos de cátodos -- Diodo y triodo como elementos de circuito -- Válvulas de vacío de rejilla múltiple -- Teoría de los semiconductores...  aConductores  aTransistor  aAmplificadores  aIndustrial aWeiner, Nathan  aAusejo, Rafael (traducción)